Sports Quiz

Random Sports or University Quiz
Score 0/20 Timer 07:00
2 Plays Today
Hint Answer % Correct
NicknameWildcats
89.8%
ConferenceBig 12
89.3%
Team Color (Official Color)Royal Purple
85.9%
CityManhattan
74.6%
Baseball StadiumTointon Family Stadium
61.8%
Team Color (Accent Color)White
56.7%
No. of Men's Varsity Sports6
49.4%
StateKansas
46.3%
MascotWillie the Wildcat
40.7%
Famous Alum: QB _____ DickeyLynn
40.7%
Hint Answer % Correct
Athletic DirectorGene Taylor
36.3%
Fight Song (Official)Wildcat Victory
34.1%
Basketball ArenaBramlage Coliseum
32.8%
Football StadiumBill Snyder Family Stadium
32.5%
Primary RivalKansas
31.1%
Famous Alum: SG _____ RichmondMitch
30.5%
Team Color (Accent Color)Silver
23.6%
No. of Women's Varsity Sports8
20.3%
Primary RivalIowa State
19.2%
Fight Song (Alternate)Wabash Cannonball
16.8%
Remove Ads.
Support Sporcle.
Get the best of Sporcle when you Go Orange. This ad-free experience offers more features, more stats, and more fun while also helping to support Sporcle. Thank you for becoming a member.

You're not logged in!

Compare scores with friends on all Sporcle quizzes.
OR
Log In

Show Comments

Extras

Top Quizzes Today


Score Distribution

Your Account Isn't Verified!

In order to create a playlist on Sporcle, you need to verify the email address you used during registration. Go to your Sporcle Settings to finish the process.

Report this User

Report this user for behavior that violates our Community Guidelines.

Details: